Sports Quiz

Random Sports Quiz

Yankees Stat Leaders All-time Quiz Stats

 Plays Quiz not verified by Sporcle

Score 0/40 Timer 10:00
0 Plays Today
Category Player % Correct
HitsDerek Jeter
97.1%
At BatsDerek Jeter
92.1%
RunsBabe Ruth
87.1%
DoublesLou Gehrig
80%
Bases on BallsBabe Ruth
77.9%
Total BasesBabe Ruth
76.4%
Runs Batted InLou Gehrig
72.9%
WinsWhitey Ford
72.9%
On Base + Slugging (OPS)Babe Ruth
72.1%
Slugging PercentageBabe Ruth
69.3%
Games (batting)Mickey Mantle
68.6%
Batting AverageBabe Ruth
68.6%
Home RunsBabe Ruth
67.1%
SavesMariano Rivera
67.1%
On Base Percentage Babe Ruth
65.7%
Games StartedWhitey Ford
63.6%
StrikeoutsMickey Mantle
61.4%
Innings PitchedWhitey Ford
60.7%
Games (pitching) Mariano Rivera
59.3%
Stolen BasesRickey Henderson
56.4%
Category Player % Correct
ShutoutsWhitey Ford
56.4%
Hit By PitchDerek Jeter
51.4%
TriplesLou Gehrig
47.1%
Earned Run AverageMariano Rivera
46.4%
StrikeoutsWhitey Ford
42.1%
AssistsDerek Jeter
39.3%
Home RunsWhitey Ford
35.7%
PutoutsLou Gehrig
35%
Total Chances (fielding)Lou Gehrig
31.4%
Complete GamesRed Ruffing
21.4%
HitsRed Ruffing
20%
RunsRed Ruffing
20%
Earned RunsRed Ruffing
19.3%
Caught StealingBabe Ruth
17.9%
Double PlaysLou Gehrig
14.3%
LossesMel Stottlemyre
9.3%
Bases on BallsLefty Gomez
8.6%
Fielding Percentage (at least 2000 chances)Mark Teixeira
7.1%
ErrorsFrankie Crosetti
2.1%
Hit By PitchesJack Warhop
0.7%

You're not logged in!

Compare scores with friends on all Sporcle quizzes.
OR
Log In

Show Comments

Extras

Created Oct 22, 2010ReportNominate
Tags:category, player, stat

Top Quizzes Today


Score Distribution

Your Account Isn't Verified!

In order to create a playlist on Sporcle, you need to verify the email address you used during registration. Go to your Sporcle Settings to finish the process.

Report this User

Report this user for behavior that violates our Community Guidelines.

Details: